000 00539nam a22001937a 4500
003 OSt
005 20140310182828.0
008 130530t xxu||||| |||| 00| 0 eng d
050 _aBS 2260
_b.W628 1983
082 _aM 242
_bW62 1983
245 _aWho cares when I hurt? :
_bhelp from the Bible for those who are hurting /
260 _aIllionois, USA :
_bThe Bible League,
_c1983
300 _a48 p. :
_c19 cm.
521 _acollege students
526 _c1210L-1700L
541 _j1
562 _e1
942 _2lcc
_cBK
_kM
999 _c16556
_d16556